000 00735nam a2200253Ia 4500
003 OSt
005 20220928113551.0
006 a|||||r|||| 00| 0
007 ta
008 220927b |||||||| |||| 00| 0 eng d
020 _c1369.0065
024 _a82234
037 _b278, 05/12/2012, Classic Book Service
_cTextual
040 _aSDCL
_cSDCL
_beng
041 _2eng
_aeng
082 _aY:496, Q3
100 _aPrimoratz Igor
_9433837
245 0 _aTerrorism
_b A philosophical investigation.
260 _aU.K
_bPolity
_c2013
300 _avii,195p.
_ccm.
650 _aPolitical Science
942 _hY:496, Q3
_cTEXL
_2CC
999 _c750246
_d750246